书目信息 |
| 题名: |
大学人文讲义
|
|
| 作者: | 陈婉莹 , 夏中义 主编 | |
| 分册: | ||
| 出版信息: | 上海 复旦大学出版社 2008 |
|
| 页数: | 253页 | |
| 开本: | 23cm | |
| 丛书名: | 长江新闻与传播丛书 | |
| 单 册: | ||
| 中图分类: | C43 | |
| 科图分类: | ||
| 主题词: | 人文科学--高等学校--教材 , 人文科学 | |
| 电子资源: | ||
| ISBN: | 978-7-309-05935-9 | |
| 000 | 00934oam2 2200277 450 | |
| 001 | 1236451577 | |
| 005 | 20121003100815.03 | |
| 010 | @a978-7-309-05935-9@dCNY26.00 | |
| 100 | @a20080724d2008 em y0chiy50 ea | |
| 101 | 0 | @achi |
| 102 | @aCN@b310000 | |
| 105 | @ay z 000yy | |
| 200 | 1 | @a大学人文讲义@Ada xue ren wen jiang yi@f陈婉莹,夏中义主编 |
| 210 | @a上海@c复旦大学出版社@d2008 | |
| 215 | @a253页@d23cm | |
| 225 | 0 | @a长江新闻与传播丛书 |
| 308 | @a丛书原题:长江新闻传播丛书 | |
| 330 | @a本书分13部分,内容包括:精神成人与大学生、从人生境界到日常生活、消费主义与大学生、青春·性爱·婚姻、直面困境的生存勇气、儒教与基督教比较等。 | |
| 461 | 0 | @12001 @a长江新闻与传播丛书 |
| 606 | 0 | @a人文科学@x高等学校@j教材 |
| 606 | 0 | @a人文科学 |
| 690 | @aC43@v4 | |
| 701 | 0 | @a陈婉莹@Achen wan ying@c(女)@4主编 |
| 701 | 0 | @a夏中义@Axia zhong yi@f(1949~)@4主编 |
| 801 | 0 | @aCN@bNLC@c20101222 |
| 905 | @a10447@dC43@eJY130 | |
| 大学人文讲义/陈婉莹,夏中义主编.-上海:复旦大学出版社,2008 |
| 253页;23cm.-(长江新闻与传播丛书) |
| ISBN 978-7-309-05935-9:CNY26.00 |
| 本书分13部分,内容包括:精神成人与大学生、从人生境界到日常生活、消费主义与大学生、青春·性爱·婚姻、直面困境的生存勇气、儒教与基督教比较等。 |
| ● |
| 相关链接 |
|
|
|
|
正题名:大学人文讲义
索取号:C43/JY130
 
预约/预借
| 序号 | 登录号 | 条形码 | 馆藏地/架位号 | 状态 | 备注 |
| 1 | 7810269 | 278102697 | 学院路分馆/ [索取号:C43/JY130] | 在馆 | |
| 2 | 7810270 | 278102704 | 学院路分馆/ [索取号:C43/JY130] | 在馆 | |
| 3 | 7810271 | 278102713 | 学院路分馆/ [索取号:C43/JY130] | 在馆 |